Guess the 5 Seconds of Summer song with no hints #1 5SOS - Statistics

General Stats
  • This quiz has been taken 147 times
  • The average score is 259 of 423
Answer Stats
Answer % Correct
I
99%
ya
97%
ya,
97%
you
97%
You
97%
a
96%
Love
88%
me
88%
me,
88%
the
86%
When
82%
to
77%
and
76%
And
76%
who
73%
your
73%
in
66%
it,
66%
it
66%
want
66%
I'm
64%
my
64%
of
62%
just
60%
Say
58%
say
58%
So
57%
time,
57%
all
56%
you're
56%
You're
56%
need
54%
Now,
54%
take
53%
us
51%
Yeah,
51%
yeah
51%
yeah,
51%
at
50%
baby
50%
baby?
50%
back
50%
Cause
50%
know
50%
life
50%
like
50%
But
48%
day
48%
see
48%
man
47%
mine
47%
(Ooh)
47%
by
46%
give
46%
Give
46%
away
45%
told
45%
too
45%
Youngblood
45%
Remember
44%
could
43%
dead
43%
tonight
43%
call
42%
die?
42%
til
42%
from
41%
last
41%
made
41%
Then
41%
it's
40%
used
40%
name
39%
one
39%
one,
39%
push
39%
walkin'
39%
everything'
38%
beat
37%
callin'
37%
words
37%
believe
36%
face
36%
pullin'
36%
Pullin'
36%
game
34%
own
33%
place
32%
those
32%
been
31%
crawlin'
31%
damn
30%
lookin'
30%
about
29%
Takes
28%
times
28%
our
27%
Surrender
27%
Hope
26%
Nobody
26%
drunk
25%
goodbye
25%
hundred
25%
outta
25%
runnin'
25%
Runnin'
25%
gets
24%
End
23%
God
23%
strangers
23%
calls
22%
around
19%
conversations
17%
Lately,
14%
(Mm)
12%
mm,
12%
No matching quizzes found
Score Distribution
Percent of People with Each Score
Percentile by Number Answered
Your Score History
You have not taken this quiz